|
|
|
|
| LEADER |
00000cam a22000004a 4500 |
| 001 |
musev2_73017 |
| 003 |
MdBmJHUP |
| 005 |
20230905051524.0 |
| 006 |
m o d |
| 007 |
cr||||||||nn|n |
| 008 |
191123s2019 xx o 00 0 spa d |
| 020 |
|
|
|a 9781612496085
|
| 020 |
|
|
|z 9781557538772
|
| 020 |
|
|
|z 1612496091
|
| 020 |
|
|
|z 9781612496092
|
| 020 |
|
|
|z 1612496083
|
| 035 |
|
|
|a (OCoLC)1139363572
|
| 040 |
|
|
|a MdBmJHUP
|c MdBmJHUP
|
| 100 |
1 |
|
|a Mayorga, Esteban.
|
| 245 |
1 |
0 |
|a Galápagos :
|b Imaginarios de la evolución textual en las islas encantadas
|
| 264 |
|
1 |
|a Ashland :
|b Purdue University Press,
|c 2019.
|
| 264 |
|
3 |
|a Baltimore, Md. :
|b Project MUSE,
|c 2020
|
| 264 |
|
4 |
|c ©2019.
|
| 300 |
|
|
|a 1 online resource (217 pages).
|
| 336 |
|
|
|a text
|b txt
|2 rdacontent
|
| 337 |
|
|
|a computer
|b c
|2 rdamedia
|
| 338 |
|
|
|a online resource
|b cr
|2 rdacarrier
|
| 490 |
0 |
|
|a Purdue Studies in Romance Literatures
|
| 506 |
0 |
|
|a Open Access
|f Unrestricted online access
|2 star
|
| 588 |
|
|
|a Description based on print version record.
|
| 650 |
|
7 |
|a National characteristics, Ecuadorian.
|2 fast
|0 (OCoLC)fst01033410
|
| 650 |
|
0 |
|a National characteristics, Ecuadorian.
|
| 655 |
|
7 |
|a Electronic books.
|2 local
|
| 710 |
2 |
|
|a Project Muse.
|e distributor
|
| 830 |
|
0 |
|a Book collections on Project MUSE.
|
| 856 |
4 |
0 |
|z Texto completo
|u https://projectmuse.uam.elogim.com/book/73017/
|
| 945 |
|
|
|a Project MUSE - 2020 Complete
|
| 945 |
|
|
|a Project MUSE - 2020 Literature
|
| 945 |
|
|
|a Project MUSE - 2020 Latin American and Caribbean Studies
|